logo

Bir Sreshtho Munshi Abdur Rouf Library
Jhenaidah Cadet College

Bangladesh ; (Record no. 1987)

MARC details
000 -LEADER
fixed length control field 00652nam a2200229 a 4500
001 - CONTROL NUMBER
JCCL Control Number 1987
003 - CONTROL NUMBER IDENTIFIER
JCCL marc code BD-JhCC
005 - DATE AND TIME OF LATEST TRANSACTION
control field 20171028103728.0
008 - FIXED-LENGTH DATA ELEMENTS--GENERAL INFORMATION
fixed length control field 171028s1994 bg a|||| |||| 000 0 mul d
020 ## - INTERNATIONAL STANDARD BOOK NUMBER
International Standard Book Number 9840401260
035 ## - SYSTEM CONTROL NUMBER
system control number (BD-JhCC)1987
040 ## - CATALOGING SOURCE
Original cataloging agency BD-JhCC
Modifying agency BD-JhCC
041 ## - LANGUAGE CODE
Language code of Book English and Bengali
082 ## - DEWEY DECIMAL CLASSIFICATION NUMBER
Classification number 954.92
Author mark and Year BAN 1994
245 ## - TITLE STATEMENT
Title Bangladesh ;
Remainder of title Past Two Decades and The Current Decade /
Statement of responsibility, etc Qazi Kholiquzzaman Ahmad.
260 ## - PUBLICATION, DISTRIBUTION, ETC. (IMPRINT)
Place of publication, distribution, etc Dhaka :
Name of publisher, distributor, etc Bangladesh Unnayan Parishad (BUP),
Date of publication, distribution, etc 1994
300 ## - PHYSICAL DESCRIPTION
Pagination 510 p. :
Other physical details ill. ,
Dimensions 22 cm.
651 ## - SUBJECT ADDED ENTRY--GEOGRAPHIC NAME
Geographic name Bangladehs
700 ## - ADDED ENTRY--PERSONAL NAME
Personal name Ahmad, Qazi Kholiquzzaman
942 ## - ADDED ENTRY ELEMENTS (KOHA)
Source of classification or shelving scheme Dewey Decimal Classification
Koha item type Books
Holdings
Source of classification or shelving scheme Damaged status Not for loan Home library Current library Shelving location Date of accession Cost, normal purchase price Total Checkouts Full call number Barcode Date last seen Copy number Koha item type
Dewey Decimal Classification     JCC Rouf Library JCC Rouf Library General Stacks 10/28/2017 500.00   954.92 BAN 1994 3346 10/28/2017 C-1 Books

JCC Library | Contacts | JCC Home

Last Update on 23 September 2017
Copyright @ 2017-2020 JCC Rouf Library
Rouf Library, Jhenidah Cadet College (JCC), Bangladesh